00379nam a2200121Ia 45000010005000000080041000050820032000461000079000782450034001572600024001919010027002159990015002424640241024s9999 xx 000 0 und d aRD/334.0327/C743c/2016-2017 aRepública Dominicana. Consejo Nacional para la Niñez y la Adolescencia 0aCarta Compromiso al Ciudadano bSanto Domingoc2016 a20/6/2017 8:31:34 a.m. c9677d9677